| 000 | 00384pab a2200145 454500 | ||
|---|---|---|---|
| 008 | 180718b1984 xxu||||| |||| 00| 0 eng d | ||
| 100 | _aGuha, Sumit | ||
| 245 |
_aMoney and prices in the earlier stages of empire _bA comment |
||
| 260 | _c1984 | ||
| 300 | _a499-509 | ||
| 362 | _aOct.-Dec. | ||
| 650 | _aMoney | ||
| 773 | _aIndian Economic and Social History Review | ||
| 909 | _a13666 | ||
| 999 |
_c13666 _d13666 |
||